| 000 | 01509nam0a22003011 4500 | ||
|---|---|---|---|
| 001 | RU\NLR\A1SV\161249 | ||
| 005 | 20260128095147.0 | ||
| 035 | _a(NLR Aleph) 022358356 | ||
| 090 |
_a13495817 _c13495817 |
||
| 100 | _a20241015d1926 u y0rusy50 ca | ||
| 101 | 0 | _arus | |
| 102 | _aRU | ||
| 200 | 1 |
_aРастительность, почвы и сельскохозяйственная оценка Чижинских разливов _fИ.В.Ларин _gПод ред. и с предисл. проф. О.С.Неустроева _g17 фотогр., схема, профиль и карта |
|
| 210 |
_aЛ. _cОсобый ком. Акад. наук по исслед. союзных и автоном. республик _d[1926] |
||
| 215 |
_a152 с., [6] вклад. л. ил., табл. и красоч. карт _cил., схем. |
||
| 225 |
_aМатериалы Особого ком. по исслед. союз. и автоном. республик _fАкад. наук СССР _hВып.2 _iСерия казакстанская |
||
| 300 | _aНа тит. л. дата: 1927. Датировано по штампу поступления в РНБ | ||
| 320 | _aБиблиогр.: 21 назв. | ||
| 620 | _dСанкт-Петербург | ||
| 700 | 1 |
_aЛарин _bИ. В. _f1889-1972 _gИван Васильевич |
|
| 801 | 0 |
_aRU _bNLR _c20241015 |
|
| 852 |
_aNLR _jП19/70 |
||
| 899 | _aБАН | ||
| 899 | _aОренбургОУНБ | ||
| 942 | _cBOOK | ||
| 980 | _aA1SV | ||
| 980 | _aNB | ||